| 000 | 00476cam a2200157 4500500 | ||
|---|---|---|---|
| 005 | 20260405001443.0 | ||
| 041 | _afre | ||
| 042 | _adc | ||
| 245 | 0 | 0 | _aLes embarras de l’identité |
| 260 | _c2013. | ||
| 500 | _a4 | ||
| 690 | _aIdentité | ||
| 690 | _aVincent Descombes | ||
| 786 | 0 | _nPhilosophie magazine | 66 | 2 | 2013-02-01 | p. 73-73 | 1951-1787 | |
| 856 | 4 | 1 | _uhttps://shs.cairn.info/magazine-philosophie-magazine-2013-2-page-73?lang=fr&redirect-ssocas=7080 |
| 999 |
_c2047806 _d2047806 |
||